000 00605nam a2200217Ii 4500
003 JO-AjNU
008 230606s9999||||xx |||||||||||||| ||und||
020 _a0-07-116429
040 _aJO-AjNU
_beng
_erda
_cJO-AjNU
041 _aeng
050 1 4 _aQC661.K72.1999
100 3 _aFleisc,Kraus,
_eauthor
_93733
245 0 0 _aElectromagnetics With Application
250 _a5 ed
264 3 1 _aNew york:mcgraw hill
300 _a617p
336 _atext
_btxt
_2rdacontent
337 _aunmediated
_bn
_2rdamedia
338 _avolume
_bnc
_2rdacarrier
650 4 _aElectromagnetics With Application
_93734
999 _aE1949
_c1949
_d1949